000 00401nam a22001457a 4500
005 20250919152640.0
008 250919b |||||||| |||| 00| 0 eng d
020 _a9788174762399
050 _aPR6019
_bJOY
100 _aJOYCE JAMES
245 _aA PORTRAIT OF THE ARTIST AS A YOUNG MAN
260 _aNEW DELHI
_bUBS PUBLISHERS DISTRIBUTORS PVT, LTD
_c2004
300 _aviii, 279p
942 _2lcc
_cBK
_n0
999 _c7611
_d7611